Garden design for small spaces : (Record no. 614371)

000 -LEADER
fixed length control field 01436cam a22003854a 4500
001 - CONTROL NUMBER
control field 13414405
003 - CONTROL NUMBER IDENTIFIER
control field NUST
005 - DATE AND TIME OF LATEST TRANSACTION
control field 20250715155905.0
008 - FIXED-LENGTH DATA ELEMENTS--GENERAL INFORMATION
fixed length control field 031124s2004 nyua 001 0 eng
010 ## - LIBRARY OF CONGRESS CONTROL NUMBER
LC control number 2003025641
020 ## - INTERNATIONAL STANDARD BOOK NUMBER
International Standard Book Number 0806964111
020 ## - INTERNATIONAL STANDARD BOOK NUMBER
International Standard Book Number 9780806964119
035 ## - SYSTEM CONTROL NUMBER
System control number 13414405
040 ## - CATALOGING SOURCE
Original cataloging agency DLC
Transcribing agency DLC
Modifying agency DLC
042 ## - AUTHENTICATION CODE
Authentication code pcc
050 00 - LIBRARY OF CONGRESS CALL NUMBER
Classification number SB473
Item number .C665 2004
082 00 - DEWEY DECIMAL CLASSIFICATION NUMBER
Classification number 712/.6
Edition number 22
Author Mark COR
100 1# - MAIN ENTRY--PERSONAL NAME
Personal name Corlett, Keith.
9 (RLIN) 129840
245 10 - TITLE STATEMENT
Title Garden design for small spaces :
Remainder of title from backyards to balconies to rooftops /
Statement of responsibility, etc. Keith Corlett.
260 ## - PUBLICATION, DISTRIBUTION, ETC.
Place of publication, distribution, etc. New York :
Name of publisher, distributor, etc. Sterling Pub.,
Date of publication, distribution, etc. c2004.
300 ## - PHYSICAL DESCRIPTION
Extent 144 p. :
Other physical details col. ill. ;
Dimensions 26 cm.
336 ## - CONTENT TYPE
Content type term text
Content type code txt
Source rdacontent
337 ## - MEDIA TYPE
Media type term unmediated
Media type code n
Source rdamedia
338 ## - CARRIER TYPE
Carrier type term volume
Carrier type code nc
Source rdacarrier
500 ## - GENERAL NOTE
General note Includes index.
590 ## - LOCAL NOTE (RLIN)
Linkage (RLIN) Book for General Stock
650 #0 - SUBJECT ADDED ENTRY--TOPICAL TERM
Topical term or geographic name entry element Gardens
General subdivision Design.
9 (RLIN) 120940
650 #0 - SUBJECT ADDED ENTRY--TOPICAL TERM
Topical term or geographic name entry element Landscape gardening.
9 (RLIN) 32117
856 42 - ELECTRONIC LOCATION AND ACCESS
Materials specified Publisher description
Uniform Resource Identifier <a href="http://www.loc.gov/catdir/description/ste041/2003025641.html">http://www.loc.gov/catdir/description/ste041/2003025641.html</a>
856 41 - ELECTRONIC LOCATION AND ACCESS
Materials specified Table of contents
Uniform Resource Identifier <a href="http://www.loc.gov/catdir/toc/ecip0411/2003025641.html">http://www.loc.gov/catdir/toc/ecip0411/2003025641.html</a>
906 ## - LOCAL DATA ELEMENT F, LDF (RLIN)
a 7
b cbc
c orignew
d 1
e ecip
f 20
g y-gencatlg
942 ## - ADDED ENTRY ELEMENTS (KOHA)
Source of classification or shelving scheme
Koha item type Book
Call number prefix 712.6 COR 2004
Call number suffix 712.6 COR 2004
Holdings
Withdrawn status Lost status Source of classification or shelving scheme Damaged status Not for loan Permanent Location Current Location Shelving location Date acquired Total Checkouts Full call number Barcode Date last seen Price effective from Koha item type
          School of Natural Sciences (SNS) School of Natural Sciences (SNS) General Stacks 07/15/2025   712/.6 COR SNS0002367 07/15/2025 07/15/2025 Book
© 2023 Central Library, National University of Sciences and Technology. All Rights Reserved.